Statistics for Spanish Fairy Tale and Mythical Creatures Vocabulary

Click here to take the quiz!

General Stats

  • This quiz has been taken 222 times
  • The average score is 13 of 36

Answer Stats

Answer% Correct
queenreina
90%
kingrey
89%
princessprincesa
84%
goddios
83%
princepríncipe
64%
witchbruja
63%
giantgigante
59%
magicmagia
58%
frograna
53%
goddessdiosa
52%
ghostfantasma
51%
vampirevampiro
47%
monstermonstruo
40%
mermaidsirena
38%
knightcaballero
31%
centaurcentauro
30%
trollgnomo
30%
gnomegnomo
30%
fairyhada
28%
unicornunicornio
28%
ogreogro
27%
wizardmago
26%
cyclopscíclope
25%
broomescoba
24%
werewolfhombre lobo
23%
elfduende
22%
alienextraterrestre
20%
dwarfenano
19%
fairy talecuento de hadas
17%
spellhechizo
15%
evilmalvado
14%
wandvarita
11%
jesterbufón
8%
ghouldemonio necrófago
6%
goblintrasgo
5%
leprauchaunduende irlandés
4%

Score Distribution

Percentile by Number Answered

Percent of People with Each Score

Your Score History

You have not taken this quiz